=LDR 00000nam 2200000 4500 =001 INLIS000000000009824 =005 20130612101610 =008 ***********************************Ind** =035 ##$$0010-061300000009824 =041 ##$$a Ind =082 ##$$a 028.55 =090 ##$$a 028.55, Rid c =100 ##$$a Ridho =245 ##$$a Cita-Citaku, Ridha =260 ##$$a 2002 $b Jakarta =300 ##$$a 25 hlm., ilus., 28 cm =650 ##$$a Bacaan Kanak - Kanak =850 ##$$a NBPNMAT